Đời đá Trường ca

Shranjeno v:
Bibliografske podrobnosti
Glavni avtor: Thy Nguyên
Format: Knjiga
Jezik:Undetermined
Izdano: Hà Nội Hội Nhà văn 2020
Teme:
Oznake: Označite
Brez oznak, prvi označite!
Thư viện lưu trữ: Trung tâm Học liệu Trường Đại học Cần Thơ
LEADER 00530nam a2200193Ia 4500
001 CTU_237377
008 210402s9999 xx 000 0 und d
082 |a 895.9221009 
082 |b Th600 
100 |a Thy Nguyên 
245 0 |a Đời đá 
245 0 |b Trường ca 
245 0 |c Thy Nguyên 
260 |a Hà Nội 
260 |b Hội Nhà văn 
260 |c 2020 
650 |a Thơ ca người Việt,Vietnamese poetry 
910 |b tttuyen 
980 |a Trung tâm Học liệu Trường Đại học Cần Thơ